Numerical analysis (Record no. 758167)

MARC details
000 -LEADER
fixed length control field 00351nam a22001457a 4500
020 ## - INTERNATIONAL STANDARD BOOK NUMBER
ISBN 9789362245939
245 ## - TITLE STATEMENT
Title Numerical analysis
260 ## - PUBLICATION, DISTRIBUTION, ETC. (IMPRINT)
Place of publication New Delhi
Name of publisher Discovery
Year of publication 2025
300 ## - PHYSICAL DESCRIPTION
Number of Pages 220
650 ## - SUBJECT ADDED ENTRY--TOPICAL TERM
Topical Term Integral equation
650 ## - SUBJECT ADDED ENTRY--TOPICAL TERM
Topical Term Calculus
700 ## - ADDED ENTRY--PERSONAL NAME
Personal name Waller, Carola (Editor)
942 ## - ADDED ENTRY ELEMENTS (KOHA)
Source of classification or shelving scheme Dewey Decimal Classification
Koha item type Book
Holdings
Withdrawn status Lost status Source of classification or shelving scheme Damaged status Not for loan Home Library Current Location Shelving location Date acquired Source of acquisition Cost, normal purchase price Full call number Accession Number Price effective from Koha item type
    Dewey Decimal Classification     Dept. of Mathematics Dept. of Mathematics General Stacks 23/02/2026 Ganesh Book Centre, Trivandrum 2300.00 519.4 WAL-N MAT8186 26/03/2026 Book